| 000 -ლიდერი |
| ფიქსირებული სიგრძის საკონტროლო ველი |
01007nam a22002057a 4500 |
| 003 - საკონტროლო ნომრის იდენტიფიკატორი |
| საკონტროლო ველი |
Ge_BSU |
| 005 - ბოლო ოპერაციის თარიღი და დრო |
| საკონტროლო ველი |
20250611170826.0 |
| 008 - ფიქსირებული სიგრძის მონაცემთა ელემენტები - ზოგადი ინფორმაცია |
| ფიქსირებული სიგრძის საკონტროლო ველი |
250611s2020 ge ||||| |||| 00| 0 geo d |
| 020 ## - წიგნის საერთაშორისო სტანდარტული ნომერი |
| International Standard Book Number |
9789941824326 |
| 041 ## - ენის კოდი |
| Language code of text/sound track or separate title |
geo |
| 080 ## - უნივერსალური ათობითი კლასიფიკაციის ინდექსი |
| Universal Decimal Classification number |
17(082) : 821.161.1.03-32=353.1 ს-97 |
| 100 ## - მთავარი ჩანაწერი - პიროვნების სახელი |
| Personal name |
სუხომლინსკი, ვასილ |
| 9 (RLIN) |
25386 |
| 245 ## - ცნობა სათაურის შესახებ |
| Title |
ეთიკის ქრესტომათია : |
| Remainder of title |
[მოთხრობები] / |
| Statement of responsibility, etc |
ვასილ სუხომლინსკი; რუსულიდან თარგმნა ნოდარ ბასილაძემ; რედაქტორი ლალი კონცელიძე. |
| 264 ## - წარმოების, გამოცემის, დისტრიბუციის და სხვა ცნობები |
| გამოცემის, წარმოების, დისტრიბუციის... ადგილი |
ბათუმი, |
| გამოცემის, წარმოების, დისტრიბუციის... თარიღი |
2020. |
| 300 ## - ფიზიკური აღწერა |
| Extent |
134 გვ. ; |
| Other physical details |
20 სმ. |
| 653 ## - INDEX TERM--UNCONTROLLED |
| Uncontrolled term |
ეთიკა |
| 700 ## - ADDED ENTRY--PERSONAL NAME |
| Personal name |
ბასილაძე, ნოდარ |
| Relator term |
მთარგმნელი |
| 9 (RLIN) |
25387 |
| 700 ## - ADDED ENTRY--PERSONAL NAME |
| Personal name |
კონცელიძე, ლალი |
| Relator term |
რედაქტორი |
| 9 (RLIN) |
2058 |
| 942 ## - ADDED ENTRY ELEMENTS (KOHA) |
| Source of classification or shelving scheme |
|
| Koha item type |
წიგნი |